| 000 | 00736nam a2200229Ia 4500 | ||
|---|---|---|---|
| 001 | 16648 | ||
| 003 | GE_BSU | ||
| 008 | 181216s||||||||xx |||||||||||||| ||und|| | ||
| 040 | _cGE_BSU | ||
| 080 | _a821.353.1-1 | ||
| 100 | _aმარგიანი, რევაზ (1916-1984) | ||
| 245 | _aმისალმებათა ნაკადი | ||
| 245 | _bლექსები | ||
| 245 | _cრედ. გ.ხუხაშვილი. მხ.ი.გრიგოლია | ||
| 260 | _aთბილისი | ||
| 260 | _bსახელგამი | ||
| 260 | _c1952 | ||
| 300 | _a145გვ. ; 16სმ | ||
| 653 | _aლექსები | ||
| 653 | _aმისალმებათა ნაკადი | ||
| 942 | _cBK | ||
| 999 |
_c49714 _d49714 |
||